02455 am a2200349 i 45000010008000000030006000080050017000140080041000310100017000720200029000890200026001180200030001440350017001740400105001910410012002960420008003080500030003161000028003462450071003742640040004452640011004853000026004965000067005225040056005895050221006455201057008666500019019236500049019429420008019919520091019999990015020907122120CaAEU20260304142156.0150601r20152014nyu b 000 0 eng  a 2015013287 a9781612194899 (hardback) a1612194893 (hardback) a9781612195216 (paperback) aocn900594552 aDLCbengerdacDLCdIG#dYDXCPdBDXdBTCTAdIEPdVP@dOCPdTXAdOCLCFdOCLCOdIGPdOCLCOdARDCdAEVC aEnglish apcc00aTK5105.875.I57bB378 2015 aBartlett, Jamie.92678614aThe dark net b: inside the digital underworld c/ Jamie Bartlett. 1aBrooklyn :bMelville House,c[2015] 4c©2015 ax, 308 pages ;c24 cm aFirst published in Great Britain in 2014 by William Heinemann. aIncludes bibliographical references (pages 301-308)0 aIntroduction: Liberty or Death — Unmasking the Trolls — The Lone Wolf — Into Galt's Gulch — Three Clicks — On the Road — Lights, Web-camera, Action — The Werther Effect — Conclusion: Zoltan vs Zerzan. a"An Independent and New Statesman Book of the Year. Beyond the familiar online world that most of us inhabit--a world of Google, Facebook, and Twitter--lies a vast and often hidden network of sites, communities, and cultures where freedom is pushed to its limits, and where people can be anyone, or do anything, they want. This is the world of Bitcoin and Silk Road, of radicalism and pornography. This is the Dark Net. In this important and revealing book, Jamie Bartlett takes us deep into the digital underworld and presents an extraordinary look at the internet we don't know. Beginning with the rise of the internet and the conflicts and battles that defined its early years, Bartlett reports on trolls, pornographers, drug dealers, hackers, political extremists, Bitcoin programmers, and vigilantes--and puts a human face on those who have many reasons to stay anonymous. Rich with historical research and revelatory reporting, The Dark Net is an unprecedented, eye-opening look at a world that doesn't want to be known"--cProvided by publisher. 0aInternet91135 0aInternet - Moral and ethical aspects.926787 2lcc 00102lcc4070aTBSbTBSd2026-03-04l0r2026-03-04t1w2026-03-04y1zSOON AVAILABLE c5377d5377